The International Criminal Court : (Record no. 18229)
[ view plain ]
| 000 -LEADER | |
|---|---|
| fixed length control field | 00678nam a22002292 4500 |
| 001 - CONTROL NUMBER | |
| control field | 0000025553 |
| 003 - CONTROL NUMBER IDENTIFIER | |
| control field | OSt |
| 005 - DATE AND TIME OF LATEST TRANSACTION | |
| control field | 20200220151247.0 |
| 008 - FIXED-LENGTH DATA ELEMENTS--GENERAL INFORMATION | |
| fixed length control field | 151026s xx 000 0 eng d |
| 020 ## - INTERNATIONAL STANDARD BOOK NUMBER | |
| International Standard Book Number | 0198739777 |
| 040 ## - CATALOGING SOURCE | |
| Original cataloging agency | KABU |
| Transcribing agency | KABU |
| 050 ## - LIBRARY OF CONGRESS CALL NUMBER | |
| Classification number | KZ7288 |
| Item number | .S328 2016 c.1 |
| 100 1# - MAIN ENTRY--PERSONAL NAME | |
| Personal name | Schabas, William A. |
| 245 14 - TITLE STATEMENT | |
| Title | The International Criminal Court : |
| Remainder of title | A Commentary from the Rome statue. |
| 260 ## - PUBLICATION, DISTRIBUTION, ETC. (IMPRINT) | |
| Place of publication, distribution, etc. | UK : |
| Name of publisher, distributor, etc. | O.U.P |
| Date of publication, distribution, etc. | 2016 |
| 300 ## - PHYSICAL DESCRIPTION | |
| Extent | xci, 1589p. |
| 650 #0 - SUBJECT ADDED ENTRY--TOPICAL TERM | |
| Topical term or geographic name as entry element | International Criminal Court. |
| 650 #0 - SUBJECT ADDED ENTRY--TOPICAL TERM | |
| Topical term or geographic name as entry element | Rome Statute of the International Criminal Court. |
| 908 ## - PUT COMMAND PARAMETER (RLIN) | |
| Put command parameter | 151026 |
| 942 ## - ADDED ENTRY ELEMENTS (KOHA) | |
| Source of classification or shelving scheme | Library of Congress Classification |
| Koha item type | General Collection |
| Withdrawn status | Lost status | Source of classification or shelving scheme | Not for loan | Home library | Current library | Date acquired | Cost, normal purchase price | Total Checkouts | Full call number | Barcode | Date last seen | Date last checked out | Price effective from | Koha item type | Total Renewals |
|---|---|---|---|---|---|---|---|---|---|---|---|---|---|---|---|
| Library of Congress Classification | Kabarak, Main Campus | Kabarak, Main Campus | 20/02/2020 | 26768.00 | 2 | KZ7288 .S328 2016 c.1 | 028391 | 05/12/2025 | 24/11/2025 | 20/02/2020 | General Collection | ||||
| Library of Congress Classification | Kabarak, Main Campus | Kabarak, Main Campus | 20/02/2020 | 26768.00 | 3 | KZ7288 .S328 2016 c.2 | 028392 | 05/04/2024 | 04/04/2024 | 20/02/2020 | General Collection | 1 |